Statistiken für Bundesliga TOP 50: Ausländische Spieler von Eintracht Frankfurt

Klicken Sie hier um das Quiz zu spielen!

Allgemein

  • Dieses Quiz wurde 167 mal gespielt
  • Das Durchschnittsergebnis liegt bei 24 aus 52

Antwortstatistiken

Nr.NationSpieleZeitraumPositionSpieler% Korrekt
2JPN2132014 - 2022MFMakoto Hasebe
93%
17JPN1052017 - 2022MFDaichi Kamada
87%
35CHN651998 - 2002STYang Chen
86%
4USA1562014 - 2022VTimothy Chandler
84%
8SRB1292018 - 2022MFFilip Kostić
83%
34SRB722017 - 2019
2021
STLuka Jović
82%
14FRA1152018 - 2022VEvan N'Dicka
81%
19AUT1012019 - 2022VMartin Hinteregger
79%
1MKD2291994 - 2013TWOka Nikolov
78%
31CRO782016 - 2019STAnte Rebić
76%
19FIN1012015 - 2018TWLukáš Hrádecký
73%
7ARG1392015 - 2021VDavid Abraham
72%
23SUI992019 - 2022MFDjibril Sow
71%
45BRA562019 - 2022VTuta
70%
6GRE1402004
2005 - 2011
STIoannis Amanatidis
67%
26NGR901992 - 1996MFJay-Jay Okocha
67%
40CIV602017 - 2019STSébastien Haller
67%
44POR572019 - 2021STAndré Silva
66%
11GHA1231990 - 1995STAnthony Yeboah
60%
50POR522018 - 2022STGonçalo Paciência
58%
13SRB1162015 - 2020MFMijat Gaćinović
58%
19PER1012012 - 2016VCarlos Zambrano
56%
28SUI862014 - 2017STHaris Seferović
50%
46FRA552019 - 2022VAlmamy Touré
48%
30BRA802008 - 2012MFCaio
48%
50NOR521998 - 2001STJan Åge Fjørtoft
42%
41MAR582016 - 2022MFAymen Barkok
41%
12KOR1221979 - 1983STCha Bum-kun
41%
32JPN752012 - 2015MFTakashi Inui
39%
8SUI1292005 - 2010VChristoph Spycher
37%
10BRA1252003 - 2011VChris
36%
27CZE892008 - 2011STMartin Fenin
36%
19SUI1012009 - 2014MFPirmin Schwegler
36%
41KOR582003 - 2006VCha Du-ri
35%
35BRA652011 - 2017VBamba Anderson
31%
48SUI532005 - 2007MFBenjamin Huggel
29%
50NED522017 - 2020MFJonathan de Guzmán
29%
24NOR981988 - 1990
1991 - 1994
STJörn Andersen
27%
5AUT1411978 - 1983VBruno Pezzey
25%
29MKD832005 - 2011VAleksandar Vasoski
22%
41SUI582017 - 2020MFGelson Fernandes
22%
47CGO541999 - 2002MFRolf-Christel Guié-Mien
16%
38POL631986 - 1988MFWłodzimierz Smolarek
16%
48POL531993 - 1995STJan Furtok
14%
16SRB1071992 - 1997VSlobodan Komljenović
10%
2AUT2131963 - 1970STWilhelm Huberts
10%
25SWE961977 - 1983STJan Svensson
7%
38BUL631997 - 2001VPetar Houbchev
6%
17POL1051986 - 1991STJanusz Turowski
5%
37GEO641993 - 1996VKakhaber Tskhadadze
4%
33AUT741971 - 1974STThomas Parits
4%
15SRB1111966 - 1970VFahrudin Jusufi
2%

Verteilung der Resultate

Perzentil nach korrekt beantworteten Fragen

Anzahl Personen mit jedem Resultat

Ihre Resultats-Entwicklung

Sie haben dieses Quiz noch nicht gespielt